| 000 | 00376 a2200145 4500 | ||
|---|---|---|---|
| 082 | _a297.122092 | ||
| 090 |
_c4817 _d4817 |
||
| 100 | _aAllama Syed Sulaman Nadvi | ||
| 245 |
_aSeerat-ul-Nabi _cAllama Syed Sulaman Nadvi |
||
| 250 | _a4th | ||
| 260 |
_aLahore _bAllamin Publications Press _c2000 |
||
| 300 | _a917p | ||
| 500 | _aHard cover | ||
| 942 |
_aNBS _cBK _k297.122092 NOM |
||
| 999 |
_c347248 _d347248 |
||